1069 1826 1213 1010 1157 1095 1049 1697 1416 1600 1753 1483 1925 1362 1993 1621 1656 1375 1750 1234 1220 1108 1701 1198 1913 1657 1448 1382 1219 1981 1097 1273 1047 1622 1034 1704 1186 1524 1617 1004 1519 1195 1802 1340 1321 1232 1922 1171 1153 1765 1649 1442 1281 1722 1687 1427 1387 1173 1200 1209 1834 1940 1947 1723 1904 1287 1958 1388 1695 1136 1837 1588 1186 1412 1275 1909 1062 1864 1960 1109 1074 1416 1125 1270 1915 1201 1971 1976 1551 1544 1008 1935 1301 1081 1384 1123 1587 1490 1343 BCNSPRNW ULIB Ver.6.0+V

เปลี่ยนเป็นภาษาไทย

Change to English
 แสดงรายละเอียดบรรณานุกรม
  กลับหน้าหลัก

Brief Record : Get Marc (ISO 2709) : E-mail record : QR code < ปิดหน้าต่าง
LEADER : 00000nam 2200000uu 4500
001    13399123100
003     ULIB
008    140122s2553||||th 000 0 tha d
020    ^a9789741113965
035    ^aMain000015430
060    ^aW84.6 ^bส831ง ^d
100    ^aสุพัตรา ศรีวณิชชากร
245    ^aงานวิจัยเพื่อการพัฒนาหน่วยบริการปฐมภูมิ : 1 ศูนย์แพทย์ชุมชนภายใต้ระบบหลัประกันสุขภาพแห่งชาติ : กรณีศึกษาศูนย์แพทย์ชุมชน 9 แห่ง 2 ต้นทุนต่อหน่วยบริการในระดับปฐมภูมิ : กรณีศึกษาศูนย์สุขภาพชุมชน 6 จังหวัด
250    ^aพิมพ์ครั้งที่ 1
260    ^aนครปฐม :^bสำนักงานวิจัยและพัฒนาระบบสุขภาพชุมชน (สพช),^c2553
300    ^a100 หน้า ;^bภาพประกอบ
650    ^aบริการทางการแพทย์
650    ^aสาธารณสุขมูลฐาน
945    ^p0^l0^i034370
999    ^aเกษร โพธิ์สุวรรณ
รายการนี้ยังไม่มีแท็ก
คุณยังไม่ได้ล็อกอิน คุณสามารถมีกิจกรรมร่วมกับเว็บไซต์ได้ แต่ต้องล็อกอินก่อน ::
  ล็อกอิน

รายการสื่อสารสนเทศ

ลำดับที่ ประเภท เลขเรียก/บาร์โค้ด สถานที่ สถานะ
1. วิทยาศาสตร์การแพทย์ และสุขภาพ
หนังสือสำรอง
สถานะ=หนังสือสำรอง
W84.6 ส831ง  
  Barcode: 034370
ห้องสมุดวิทยาเขตสวรรค์ประชารักษ์
►หนังสือทั่วไป
บนชั้น

รายการใกล้เคียง
    ผู้แต่ง [สุพัตรา ศรีวณิชชากร]

    หัวเรื่อง [บริการทางการแพทย์]
    หัวเรื่อง [สาธารณสุขมูลฐาน]

BibComment


ยังไม่เคยถูกคอมเมนท์

คอมเมนท์ทรัพยากรรายการนี้
  คอมเมนท์: งานวิจัยเพื่อการ..


 Copyright 2026. Bcnsprnw @Library